Empatia y vision : entre espacios de urbanismo, fotografia y diseño en Argentina y Alemania (ca. 1900–1950) /

Detalles Bibliográficos
Autor principal: Piccoli, Lucio
Formato: Libro
Lenguaje:Espa�ol
Publicado: Berlin : Wbg Academic in der Verlag Herder GmbH, 2020
Edición:1a. ed.
Colección:Historamericana v. 61
Materias:
Etiquetas: Agregar Etiqueta
Sin Etiquetas, Sea el primero en etiquetar este registro!

MARC

LEADER 00000nam a22000007a 4500
003 AR-RoUNA
005 20260409115709.0
008 260409b |||||||| |||| 00| 0 spa d
020 |a 9783534642007 
040 |a AR-RoUNA  |b spa  |d AR-RoUNA 
041 |a spa  |h spa 
044 |a ag 
100 1 |a Piccoli, Lucio  |9 27673 
245 1 0 |a Empatia y vision :  |b entre espacios de urbanismo, fotografia y diseño en Argentina y Alemania (ca. 1900–1950) /  |c Lucio Piccoli 
250 |a 1a. ed. 
260 |a Berlin :  |b Wbg Academic in der Verlag Herder GmbH,  |c 2020 
300 |a 310 p.:  |b fot. col.  |c 22x15 cm 
490 |a Historamericana  |v v. 61 
500 |a Lucio Piccoli (Rosario,1986) es docente e investigador en el departamento de historia del Lateinamerika-Institut de la Freie Universität Berlin. Se especializa en la historia cultural del modernismo y las vanguardias artísticas del período de entreguerras, así como en la planificación urbana y regional en América Latina durante la Guerra Fría. 
520 3 |a La obra analiza el proceso de profesionalizacion y renovacion disciplinar del urbanismo, la fotografia y el diseño en Alemania y Argentina durante la primera mittad del siglo XX. A partir del concepto de percepcion empatica, el autor propone un nuevo paradigma interpretativo que permite comprender la circulacion de ideas modernistas y las transformaciones esteticas del periodo. 
600 1 4 |a Hegemann, Werner  |9 6585 
600 1 4 |a Stern, Grete  |9 27674 
600 1 4 |a Maldonado, Tomas  |9 1443 
650 4 |a Urbanismo  |9 5 
650 4 |a Historia cultural 
650 4 |a Analisis historiografico  |9 27675 
650 4 |a Modermismo  |9 27676 
650 4 |a Vanguardias  |9 1366 
650 4 |a Siglo XX  |9 27476 
651 4 |a Alemania  |9 1387 
651 4 |a Argentina  |9 58 
908 |a Imp 
930 |e 12323 
942 |2 ddc  |c LIB 
945 |a MIA  |d 2026-04-09 
980 |6 1  |a Maricel Allasia  |8 1  |g Maricel Allasia 
999 |c 12384  |d 12384